Ježci /

Hlavní autor: Pokorná, Zuzana
Jazyk: Čeština
Vydáno: Brno : Veronica, 2005
Vydání: Vyd. 1.
Edice: Metodika (Český svaz ochránců přírody)
Témata:
Fyzický popis: 40 s. : il. ; 21 cm
Knihy
Uloženo v:
LEADER 00959nam a22003012a 4500
001 001911367
003 CZ BrMZK
005 20241014061540.0
007 ta
008 241010s2005 xr a er 000 0 cze d
015 |a cnb001640042 
020 |a 80-239-6563-8  |q (brož.) :  |c 60.00 Kč 
040 |a KLG001  |b cze  |d BO.A001 
072 7 |a 59  |x Zoologie  |2 Konspekt  |9 2 
080 |a 599.365  |2 MRF 
080 |a (036)  |2 MRF 
100 1 |a Pokorná, Zuzana  |7 xx0072160  |4 aut 
245 1 0 |a Ježci /  |c Zuzana Pokorná 
250 |a Vyd. 1. 
260 |a Brno :  |b Veronica,  |c 2005 
300 |a 40 s. :  |b il. ;  |c 21 cm 
490 1 |a Metodika Českého svazu ochránců přírody ;  |v č. 33 
655 7 |a informační publikace  |7 fd132454  |2 czenas 
830 0 |a Metodika (Český svaz ochránců přírody)  |0 s 
910 |a BOA001  |b 2-1529.900 
990 |a BK 
991 |b 202409 
996 6 |b 2610981797  |c 2-1529.900  |l MZK  |r Sklad / do 1 hodiny  |n 0  |p dar  |w 001980501  |u 000010  |a 1  |e BOA001  |j MZK50  |s P